| 000 | 00484nam a2200181Ia 4500 | ||
|---|---|---|---|
| 003 | GCL | ||
| 008 | 140319s9999 xx 000 0 eng d | ||
| 040 |
_aGCL / _cGCL |
||
| 082 | 0 | 4 |
_a724.6 _bJ L |
| 100 | 1 | _aJENCKS, CHARLS | |
| 245 | 1 | 0 |
_aTHE LANGUAGE OF POST - MODERN / _cJENCKS, CHARLS |
| 260 |
_a[S.N] : _bACADEMY EDITIONS ، _c1991 |
||
| 300 | _a204 P P | ||
| 650 | 0 | 4 | _aARCHITECTURE |
| 650 | 0 | 4 | _aMODERN ARCHITECTURE |
| 650 | 0 | 4 | _aPOST - MODERN ARCHITECTURE |
| 942 |
_2ddc _cBK |
||
| 999 |
_c11545 _d11545 |
||